000 00962nam a22002297a 4500
003 AR-RoUNCS
005 20260209154935.0
008 260209t2013 ag |||||r|||| 00| 1 spa d
020 _a987-987-1950-02-7
040 _cAR-RoUNCS
_aAR-RoUNCS
080 _082-34(821)
100 1 _aPoliéster, Amanda
_eautor
245 1 0 _aRío /
_cAmanda Poliéster.
250 _a1a ed.
260 _aRosario :
_bEl Ombú Bonsai,
_c2013.
300 _a108 p. ;
_c20 cm.
490 0 _aColección Raíces Aéreas
520 3 _aLa necesidad de hablar otra lengua, de obtener un trabajo y de procurarse el sitio donde vivir en una nueva ciudad y en un nuevo país, reubican al personaje protagonista en la búsqueda de sí mismo. (…) Teñida de un registro cargado de humor e ironía, Rio abre la discusión sobre si partir hacia otro lugar posibilita partir de uno mismo
650 7 _aLiteratura argentina
_2embne
655 7 _aNovelas cortas
_2embne
942 _2udc
_cOG
_n0
999 _c896
_d896